000 00910nam a2200313Ia 4500
003 OSt
005 20220912150901.0
006 a|||||r|||| 00| 0
007 ta
008 220909b |||||||| |||| 00| 0 eng d
020 _a3540762604 (Berlin:pbk)
024 _a5764
037 _bNarosa,
037 _cTextual
040 _aCSL
_beng
_cCSL
041 _aeng
082 _aB37:1, N9
100 _aCapinski Marek
245 0 _aMeasure, integral and probability
260 _aBerlin
_bSpringer-Verlag
_c1999
300 _axi,227p+ 23fig
490 _aSpringer undergraduate mathematics series
500 _aAppendix 219-221p; Bibliographical references p223.; Index 225-227p.
_ccm.
650 _a Measure Theory
650 _aMathematics
700 _a Kopp Ekkehard
942 _hB37:1, N9
_cTEXL
_2CC
999 _c56816
_d56816